| 000 -ლიდერი |
| ფიქსირებული სიგრძის საკონტროლო ველი |
01670nam a22002417a 4500 |
| 003 - საკონტროლო ნომრის იდენტიფიკატორი |
| საკონტროლო ველი |
Ge_BSU |
| 005 - ბოლო ოპერაციის თარიღი და დრო |
| საკონტროლო ველი |
20230724171736.0 |
| 008 - ფიქსირებული სიგრძის მონაცემთა ელემენტები - ზოგადი ინფორმაცია |
| ფიქსირებული სიგრძის საკონტროლო ველი |
230724s2020ge xxu||||| |||| 00| 0 geo d |
| 020 ## - წიგნის საერთაშორისო სტანდარტული ნომერი |
| International Standard Book Number |
9789941488221 |
| 041 ## - ენის კოდი |
| Language code of text/sound track or separate title |
geo |
| 080 ## - უნივერსალური ათობითი კლასიფიკაციის ინდექსი |
| Universal Decimal Classification number |
634.8(479.22) დ-23 |
| 245 ## - ცნობა სათაურის შესახებ |
| Title |
დასავლეთ საქართველოს ვაზის ავტოქთონური ჯიშების ყურძნის პასპორტები / |
| Statement of responsibility, etc |
მაია ხარაძე, მაია ვანიძე, ალეკო კალანდია, ინდირა ჯაფარიძე; რუსლან დავითაძე; რედ. არმაზ შალაშვილი |
| 264 ## - წარმოების, გამოცემის, დისტრიბუციის და სხვა ცნობები |
| გამოცემის, წარმოების, დისტრიბუციის... ადგილი |
ბათუმი : |
| გამოცემის, წარმოების, დისტრიბუციის... სახელწოდება |
ბათუმის შოთა რუსთაველის სახელმწიფო უნივერსიტეტი, |
| გამოცემის, წარმოების, დისტრიბუციის... თარიღი |
2020. |
| 300 ## - ფიზიკური აღწერა |
| Extent |
88 გვ.: |
| Other physical details |
19 სმ. |
| 504 ## - BIBLIOGRAPHY, ETC. NOTE |
| Bibliography, etc |
ბიბლიოგრაფ.გვ:87-88 |
| 653 ## - INDEX TERM--UNCONTROLLED |
| Uncontrolled term |
დასავლეთ საქართველოს ვაზის ავტოქთონური ჯიშების ყურძნის პასპორტები |
| 653 ## - INDEX TERM--UNCONTROLLED |
| Uncontrolled term |
სოფლის მეურნეობა |
| 700 ## - ADDED ENTRY--PERSONAL NAME |
| Personal name |
ხარაძე, მაია და სხვ. |
| 9 (RLIN) |
19513 |
| 700 ## - ADDED ENTRY--PERSONAL NAME |
| Personal name |
შალაშვილი, არმაზ |
| Relator term |
რედაქტორი |
| 9 (RLIN) |
19514 |
| 773 ## - HOST ITEM ENTRY |
| Title |
ნაჩუქარი |
| 856 ## - ELECTRONIC LOCATION AND ACCESS |
| Uniform Resource Identifier |
https://dspace.nplg.gov.ge/bitstream/1234/327561/1/DasavletSaqartvelosVazisAvtoqtonuriJishebiYurdznisPasportebi.pdf |
| Link text |
ელექტრონული ვერსია |
| 942 ## - ADDED ENTRY ELEMENTS (KOHA) |
| Source of classification or shelving scheme |
|
| Koha item type |
წიგნი |